Statistics for Skylanders Trap Team Cores, Matsers, Minis (no series #)

Click here to take the quiz!

General Stats

  • This quiz has been taken 42 times
  • The average score is 45 of 52

Answer Stats

HintAnswer% Correct
MagicBlastermind
96%
LifeBushwhack
96%
MagicEnigma
96%
TechGearshift
96%
AirGusto
96%
TechJawbreaker
96%
FireKa-boom
96%
LightKnight Light
96%
DarkKnight Mare
96%
UndeadKrypt King
96%
WaterSnap Shot
96%
EarthWallop
96%
FireWildfire
96%
LifeFood Fight
92%
EarthHead Rush
92%
WaterLob-Star
92%
UndeadShortcut
92%
LightSpotlight
92%
AirThunderbolt
92%
LifeTuff Luck
92%
LifeBarkley
88%
DarkBlackout
88%
AirBlades
88%
UndeadEye Small
88%
WaterGill Runt
88%
MagicMini Jini
88%
FireSmall Fry
88%
FireWeeruptor
88%
TechChopper
83%
UndeadFunny Bone
83%
AirPet Vac
83%
MagicSpry
83%
WaterThumpling
83%
FireTorch
83%
TechTrigger Snappy
83%
LifeWhisper Elf
83%
UndeadBat Spin
79%
EarthBop
79%
AirBreeze
79%
MagicCobra Cadabra
79%
TechDrobit
79%
WaterEcho
79%
AirFling Kong
79%
WaterFlip Wreck
79%
LifeHigh Five
79%
UndeadHijinx
79%
EarthRocky Roll
79%
EarthTerrabite
79%
FireTrail Blazer
79%
TechTread Head
79%
MagicDeja Vu
75%
EarthFist Bump
75%

Score Distribution

Percentile by Number Answered

Percent of People with Each Score

Your Score History

You have not taken this quiz